Las formas actuales de la endocartitis infecciosa (Registro nro. 29480)

Detalles MARC
000 -CABECERA
Longitud fija campo de control 00910nam a2200205 a 4500
003 - • IDENTIFICADOR DELl NÚMERO DE CONTROL
Identificador del número de control CO-ViMGA
008 - • CÓDIGOS DE INFORMACIÓN DE LONGITUD FIJA
Códigos de información de longitud fija 141112s2004 ck r 000 u spa d
020 ## - • NÚMERO INTERNACIONAL NORMALIZADO PARA LIBROS
Número Internacional Normalizado para Libros (ISBN) 9500620464
040 ## - FUENTE DE LA CATALOGACIÓN
Centro catalogador de origen CO-ViMGA
Lengua de catalogación spa
Centro transcriptor CO-ViMGA
082 04 - • NÚMERO DE LA CLASIFICACIÓN DECIMAL DEWEY
Número de clasificación (R) 616.12 C171l
100 1# - • PUNTO DE ACCESO PRINCIPAL-NOMBRE DE PERSONA
Nombre de persona Casabe, Horacio; Suárez, Luis D.; Torino, Augusto
245 10 - • TITULO PROPIAMENTE DICHO
Título Las formas actuales de la endocartitis infecciosa
300 ## - • DESCRIPCIÓN FÍSICA
Extensión 177p
505 ## - • NOTA DE CONTENIDO CON FORMATO
Nota de contenido con formato Anatomía patológica de la endocartitis 15 - - Radioisótopos en la endocartitis infecciosa 63 - - Endocartitis infecciosa en drogadictos por vía intravenosa 99 - - Tratamiento medico y profilaxis 129
590 ## - NOTAS LOCALES
Nota local Forma de adquisición : Compra fact.0534 - - Precio : 70.000 - - Proveedor : Temas y libros - - Fecha de adquisición : Marzo 2006
650 14 - • PUNTO DE ACCESO ADICIONAL DE MATERIA - TÉRMINO DE MATERIA
Término de materia o nombre geográfico como elemento inicial ENFERMEDADES CARDIOVASCULARES
942 ## - ENTRADA DE ELEMENTOS AGREGADOS (KOHA)
Fuente de clasificaión o esquema Dewey Decimal Classification
Koha [por defecto] tipo de item LIbro
Existencias
Perdido Fuente de clasificación o esquema Estado Físico No para préstamo Forma de adquisición Localización permanente Localización actual Fecha adquisición Serie de enumeración / cronolog&íacute;a Préstamos totales Signatura completa Código de barras Fecha última consulta Número de copia Fecha del precio de reemplazo Tipo de item de Koha
  Dewey Decimal Classification     Sala Especializada Tercer Piso Biblioteca Pública Germán Arciniegas - Villavicencio Biblioteca Pública Germán Arciniegas - Villavicencio 12/04/2015 Volumen. 1 | 11/jun/2009   616.12 C171l 20486 12/04/2015 Ej. 1 12/04/2015 LIbro









Instituto Departamental de Cultura del Meta - Red Departamental de Bibliotecas Públicas del Meta.